| 000 | 00381nam a22001457a 4500 | ||
|---|---|---|---|
| 020 | _a9781465474513 | ||
| 040 | _cNUST | ||
| 082 | _a032 | ||
| 100 |
_aSmithsonian _996731 |
||
| 245 | _aThe New Children's Encyclopedia | ||
| 250 | _a3rd Edition | ||
| 260 |
_aLondon: _bDk Dorling Kindersley Limited, _c2019. |
||
| 650 |
_aThe New Children's Encyclopedia _996732 |
||
| 942 |
_2ddc _cBK |
||
| 999 |
_c590850 _d590850 |
||